Peter Pan / (Registro nro. 14371)

Detalles MARC
000 -LIDER
fixed length control field 00781nam a22002537a 4500
001 - NÚMERO DE CONTROL
Identificador de número de control
003 - IDENTIFICACDOR DE NÚMERO DE CONTROL
control field DO-SdBNP
005 - DATE AND TIME OF LATEST TRANSACTION
control field 20250523104421.0
008 - ELEMENTOS DE LONGITUD FIJA
fixed length control field 160706b 2010 sp| 0 spa d
020 ## - ISBN
International Standard Book Number 9786124063015
040 ## - FUENTE DE CATALOGACIÓN
Agencia que crea de manera original el registro BPMSU
Idioma de catalogación spa
Agencia que realiza la transcripción BPMSU
082 #4 - NÚMERO DE CLASIFICACIÓN DECIMAL DE DEWEY
Classification number 823.8
Item number B275p 2010
Edition number 22
100 1# - ASIENTO PRINCIPAL -- NOMBRE PERSONAL
Nombre personal Barrie, J. M. (James Matthew),
Fechas asociadas con el nombre 1860-1937
245 10 - MENCIÓN DE TITULO
Título Peter Pan /
Mención de responsabilidad J. M. Barrie; ilustraciones Gerson Jara Morales
260 ## - PUBLICACIÓN, DISTRIBUCIÓN, ETC. (PIE DE IMPRENTA)
Lugar de publicación, distribución, etc Lima, Perú :
Nombre del editor, distribuidor, etc. Educativa,
Fecha de publicación, distribución, etc 2010
300 ## - DESCRIPCIÓN FÍSICA
Extensión [10 p] :
Otros detalles físicos il.,
Dimensiones 32 cm.
490 0# - MENCIÓN DE SERIES
Mención de serie Cuentos selectos
590 ## - NOTA LOCAL
Enlace Inventariado, 2025/VM
650 #4 - ENCABEZAMIENTO DE MATERIA--TEMÁTICO
Subdivisión temática general Literatura infantil inglesa
Término temático o nombre geográfico como elemento de entrada
Mención de responsabilidad
650 #4 - ENCABEZAMIENTO DE MATERIA--TEMÁTICO
Término temático o nombre geográfico como elemento de entrada Cuentos infantiles ingleses
700 1# - ASIENTO SECUNDARIO -- NOMBRE PERSONAL
Nombre personal Jara Morales, Gerson
Mención de responsabilidad ilustrador
910 ## - VALIDACIÓN
Validación VMateo V. Control de calidad (BPMSU)
942 ## - ADDED ENTRY ELEMENTS (KOHA)
Source of classification or shelving scheme Dewey Decimal Classification
Koha item type Libros
Existencias
Withdrawn status Lost status Source of classification or shelving scheme Damaged status Not for loan Collection code Home library Current library Date acquired Full call number Barcode Date last seen Price effective from Koha item type
    Dewey Decimal Classification     Colección Infantil General Biblioteca Pública Metropolitana Salomé Ureña Biblioteca Pública Metropolitana Salomé Ureña 03/10/2023 BPMSU CGI 823.8 B275p 2010 BPMSU23030015 03/10/2023 03/10/2023 Libros